| 000 | 00608nam a2200205Ia 4500 | ||
|---|---|---|---|
| 001 | 5085 | ||
| 003 | GE_BSU | ||
| 008 | 181216s||||||||xx |||||||||||||| ||und|| | ||
| 040 | _cGE_BSU | ||
| 080 | _a004.3 | ||
| 100 | _aВиленкин,Н.Я; Оксман,В.М; Шварцбурд,С.И. | ||
| 245 | _aМикрокалькулятор -школьнику | ||
| 245 | _bКнига для учащихся | ||
| 260 | _aМосква | ||
| 260 | _bПросвещение | ||
| 260 | _c1986. | ||
| 300 | _a95 сил. 20 см. | ||
| 653 | _aМикрокалькулятор школьнику | ||
| 942 | _cBK | ||
| 999 |
_c38755 _d38755 |
||